Искусство программирования на языке Пролог: пер. с англ.

Bibliografiske detaljer
Hovedforfatter: Стерлинг Л. Леон
Andre forfattere: Шапиро Э. Эгуд
Sprog:russisk
Udgivet: Москва, Мир, 1990
Fag:
Format: MixedMaterials Bog
KOHA link:https://koha.lib.tpu.ru/cgi-bin/koha/opac-detail.pl?biblionumber=35727

MARC

LEADER 00000nam0a2200000 4500
001 35727
005 20231030234649.0
010 |a 5030004068 
035 |a (RuTPU)RU\TPU\book\36166 
035 |a BOOK00002818 
090 |a 35727 
100 |a 20011210d1990 km y0rusy50 ca 
101 1 |a rus  |c eng 
102 |a RU 
105 |a y z 000zy 
200 1 |a Искусство программирования на языке Пролог  |e пер. с англ.  |f Л. Стерлинг, Э. Шапиро 
210 |a Москва  |c Мир  |d 1990 
215 |a 235 с. 
610 1 |a логическое программирование 
610 1 |a языки Пролог 
610 1 |a программы 
610 1 |a вводы 
610 1 |a выводы 
610 1 |a грамматические разборы 
610 1 |a приложения 
675 |a 681.3.06  |v 3 
700 1 |a Стерлинг  |b Л.  |g Леон 
701 1 |a Шапиро  |b Э.  |g Эгуд 
801 0 |a RU  |b 63413507  |c 20011210  |g PSBO 
801 2 |a RU  |b 63413507  |c 20170201  |g PSBO 
900 |a Функциональное и логическое программирование 
942 |c BK